000 00788cab a2200277 4500
001 ABS54835
008 090401t1996 xxu||||| |||| 00| 0 eng d
035 _a(Sirsi) u12454
041 _aeng
100 _aRyan, P.
245 _aSelf assessment and landlords
260 _c1996
350 _a0
490 _aNegotiator
_v11(5) 21 March 1996, 10(1)
520 _aBriefly outlines the new self assessment tax regulations for landlords and managing agents which came into effect on 1 April 1996.
650 _aINCOME TAX
650 _aLANDLORDS
650 _aMANAGING AGENTS
650 _aNON-RESIDENT LANDLORDS
650 _aRENTAL INCOME
650 _aSELF ASSESSMENT
690 _aLandlord and tenant
_96252
690 _aTAXATION
942 _n0
948 _c04/03/1997
999 _c7959
_d7959